01330nam a2200337 a 4500001001000000003000500010005001700015008004100032010001100073011001100084040000900095090001000104100003300114245014300147260004100290500006000331502006900391590004100460590004000501590004000541590004000581650003700621650004200658650004900700856007000749901000700819942001000826942000600836999001900842952013100861000115356CHAP20220329144530.0190514s2018 mx a |sm |||||||spa d a111817 a112789 cCHAP aTesis1 aLucas Alejo, Elvira.913556910aEstimación de volumen aparente en estibas de madera utilizando un vehículo aéreo no tripuladoh[En línea]cpor Elvira Lucas Alejo. aChapingo, Méx. :bEl autor,c2018. aPara ver el contenido del material haga clic en la liga aTesis (Ing. Forestal) -- UACH. División de Ciencias Forestales aBATCH-UPDb05c20190514lUCH01h1216 aE6339RRRb05c20190514lUCH01h1215 aE6339RRRb05c20190514lUCH01h1215 aE6339RRRb05c20190514lUCH01h121714aMadera aserradaxApilado.96963814aMadera aserradaxInventarios.913557014aRecursos forestalesxBases de datos.9128739 aFinding aiduhttp://10.13.5.2/tesis/sist115356.pdfzTeclea aquí aBK cTESIS n0 c111817d111817 00104054718TESISaBCbBCd2019-05-14fTESISl0oTesisp115364-10r2019-12-31 00:00:00w2019-12-31yTESISzRecien adquirido